Toán cao cấp đại cương

Giáo trình hệ thống lại các kiến thức toán cao cấp bao quát nhiều lĩnh vực từ đại số đến giải tích ở mức độ đại cương. Mỗi chương đều có phụ lục và phần bài tập giúp người học củng cố và áp dụng lý thuyết, rèn luyện kỹ năng....

Szczegółowa specyfikacja

Zapisane w:
Opis bibliograficzny
1. autor: Nguyễn, Thành Mậu
Format: Książka
Język:Undetermined
Wydane: Hà Nội Đại học Sư phạm 2006
Hasła przedmiotowe:
Etykiety: Dodaj etykietę
Nie ma etykietki, Dołącz pierwszą etykiete!
Thư viện lưu trữ: Trung tâm Học liệu Trường Đại học Cần Thơ
LEADER 00972nam a2200205Ia 4500
001 CTU_150490
008 210402s9999 xx 000 0 und d
020 |c 34000 
082 |a 510 
082 |b M125 
100 |a Nguyễn, Thành Mậu 
245 0 |a Toán cao cấp đại cương 
245 0 |c Nguyễn Thành Mậu 
260 |a Hà Nội 
260 |b Đại học Sư phạm 
260 |c 2006 
520 |a Giáo trình hệ thống lại các kiến thức toán cao cấp bao quát nhiều lĩnh vực từ đại số đến giải tích ở mức độ đại cương. Mỗi chương đều có phụ lục và phần bài tập giúp người học củng cố và áp dụng lý thuyết, rèn luyện kỹ năng. 
650 |a Mathematical analysis,Algebra,Toán giải tích,Đại số 
904 |i Ái 
980 |a Trung tâm Học liệu Trường Đại học Cần Thơ